Office 2000 (Registro nro. 9993)

Detalles MARC
000 -LEADER
fixed length control field 01938nam a2200193Ia 4500
005 - FECHA Y HORA DE LA ÚLTIMA TRANSACCIÓN
control field 20231120085537.0
008 - FIXED-LENGTH DATA ELEMENTS--GENERAL INFORMATION
fixed length control field 231115s9999 xx 000 0 und d
020 ## - INTERNATIONAL STANDARD BOOK NUMBER
International Standard Book Number 84-481-2460-x
040 ## - CATALOGING SOURCE
Original cataloging agency UPAN
Transcribing agency Biblioteca San Vicente
Description conventions RCAA2
041 ## - LANGUAGE CODE
Language code of text/sound track or separate title spa
082 ## - DEWEY DECIMAL CLASSIFICATION NUMBER
Classification number 005.1
Item number R637g
año de publicación 1999
100 ## - MAIN ENTRY--PERSONAL NAME
Personal name Rodríguez Almeida, Miguel Ángel
Relator code aut.
245 #0 - TITLE STATEMENT
Title Office 2000
Statement of responsibility, etc Miguel Ángel Rodríguez Almeida
260 ## - PUBLICATION, DISTRIBUTION, ETC. (IMPRINT)
Place of publication, distribution, etc España:
Name of publisher, distributor, etc McGraw Hill,
Date of publication, distribution, etc 1999
300 ## - PHYSICAL DESCRIPTION
Extent 372 p.;
Dimensions 28 cm.
505 ## - FORMATTED CONTENTS NOTE
Formatted contents note 1. Introducción a Microsoft Office 2000. 2. Internet, I. Word 2000, 1. Aspectos fundamentales de word. 2. Escribir y editar. 3. Corregir los documentos. 4. Formato de caracteres. 5. Formato de párrafos. 6. Formato de página. 7. Columnas periodísticas. 8. Tablas. 9. Fusionar documentos. Cartas personalizadas. 10. Gráficos. 11. Estilos. Tablas de contenido. El editor de ecuaciones. 12. Internet. II. Excel 2000. 1. Aspectos fundamentales. 2. Conceptos generales. 3. Desarrollo de una hoja. 4. Formato y prestación de una hoja de cálculo. 5. Trabajar con múltiples ventanas. 6. Esquemas. ¿Qué pasa si...? Matrices. 7. Impresión de la hoja de cálculo. 8. Gráficos. 9. Listas de datos. 10. Los mapas. 11. Internet. III. Access 2000 2017. 1. Conceptos fundamentales. 2. Diseño de una base de datos. 3.Propiedades de los campos. 4. Trabajar con los datos. 5. Expresiones. 6. Consultas. 7. Operaciones y modificaciones en las consultas. 8. Relaciones entre las tablas. 9. Consultas avanzadas. 10. Formularios. 11. Diseño y modificación de formularios. 12. Informes. 13. Internet. IV. Powerpoint 2000 y outlook. 1. Conceptos fundamentales. 2. Crear presentaciones. 3. Vista esquema. 4. Tablas. Organigramas. 5. Objetos gráficos. 6. Presentaciones electrónicas. 7. Internet. 8. Outlook. Apéndice A. Funciones de la hoja de cálculo Índice analítico.
650 ## - SUBJECT ADDED ENTRY--TOPICAL TERM
Source of heading or term LEMB
Topical term or geographic name as entry element Procesamiento electrónico de datos
942 ## - ADDED ENTRY ELEMENTS (KOHA)
Koha item type Libros
Source of classification or shelving scheme Dewey Decimal Classification
Existencias
Withdrawn status Lost status Source of classification or shelving scheme Damaged status Not for loan Collection code Home library Current library Date acquired Total Checkouts Full call number Barcode Date last seen Copy number Price effective from Koha item type
    Dewey Decimal Classification     Referencia Biblioteca UPAN San Vicente Biblioteca UPAN San Vicente 16/11/2023   005.1 R637g 12001951 16/11/2023 01 16/11/2023 Libros
    Dewey Decimal Classification     Referencia Biblioteca UPAN San Vicente Biblioteca UPAN San Vicente 20/11/2023   005.1 R637g 12001952 20/11/2023 02 20/11/2023 Libros